000 01101nam a2200241Ia 4500
001 113887
003 DR-UNIBE
005 20260602155857.0
008 250716s2022 dr a spa c
022 _a2811-5198
040 _aBIBLIOTECA UNIBE
_cBIBLIOTECA UNIBE
_erda
041 _aspa
082 0 _aRD 330.97293 B213s 2022
110 _aBanco Central de la República Dominicana
_eautor
_9218179
245 1 0 _aSerie de estudios económicos 2022 /
_cBanco Central de la República Dominicana
260 _aSanto Domingo :
_bBanco Central de la República Dominicana,
_c2022
300 _a96 páginas :
_bgráficos
505 _a1. La política monetaria ante choques de oferta | 2. Efecto traspaso de las fluctuaciones del tipo de cambio al nivel de precios en la República Dominicana luego de adoptado el EMI | 3. Determinantes monetarios fundamentales del tipo de cambio bajo el esquema de metas de inflación |
650 7 _aBancos
_zRepública Dominicana
_98797
_2lemb
650 7 _aEconomía
_zRepública Dominicana
_91462
_2lemb
942 _cBK
_2ddc
951 _a20101203 08:22:23
999 _c113887
_d113887